|
|
|
|
| LEADER |
00000nam0a2200000 4500 |
| 001 |
158818 |
| 005 |
20231031154736.0 |
| 010 |
|
|
|a 5020068314
|
| 035 |
|
|
|a (RuTPU)RU\TPU\book\172244
|
| 090 |
|
|
|a 158818
|
| 100 |
|
|
|a 20090428d1991 m y0rusy50 ca
|
| 101 |
0 |
|
|a rus
|
| 102 |
|
|
|a RU
|
| 105 |
|
|
|a y z 000zy
|
| 200 |
1 |
|
|a Язык программирования СТАРСЕТ
|f М. М. Гилула, А. П. Столбоушкин
|g Академия наук СССР (АН СССР), Институт программных систем (ИПС)
|
| 210 |
|
|
|a Москва
|c Наука
|d 1991
|
| 215 |
|
|
|a 109 с.
|
| 610 |
1 |
|
|a языки программирования
|
| 610 |
1 |
|
|a СТАРСЕТ
|
| 610 |
1 |
|
|a типология
|
| 610 |
1 |
|
|a данные
|
| 610 |
1 |
|
|a переменные
|
| 610 |
1 |
|
|a выражения
|
| 610 |
1 |
|
|a программы
|
| 610 |
1 |
|
|a операторы
|
| 610 |
1 |
|
|a информация
|
| 675 |
|
|
|a 681.3.06
|v 3
|
| 700 |
|
1 |
|a Гилула
|b М. М.
|
| 701 |
|
1 |
|a Столбоушкин
|b А. П.
|
| 712 |
0 |
2 |
|a Академия наук СССР (АН СССР)
|b Институт программных систем (ИПС)
|2 stltpush
|3 (RuTPU)RU\TPU\col\722
|
| 801 |
|
1 |
|a RU
|b 63413507
|c 20090428
|g PSBO
|
| 801 |
|
2 |
|a RU
|b 63413507
|c 20170123
|g PSBO
|
| 942 |
|
|
|c BK
|